| 000 | 00846cam a2200217 a 4500 | ||
|---|---|---|---|
| 001 | 000006520 | ||
| 005 | 20200929153938.0 | ||
| 008 | 911017s1987 pe a 000 0 spa d | ||
| 040 |
_aDO-SdBNP _bspa _cDLC _dBNPHU |
||
| 082 |
_a985.061 _bA636s |
||
| 100 | 1 |
_aAntúnez de Mayolo, Santiago, _d1887-1967. _q(Santiago Antúnez de Mayolo Gomero) _918095 |
|
| 245 | 1 | 3 |
_aLa sublevación de los indios del Callejón de Huaylas / _cSantiago Antúnez de Mayolo. |
| 260 |
_aLima, Perú : _bEdiciones KUNTUR, _c1987. |
||
| 300 |
_a30 p. : _bil ; _c21 cm. |
||
| 651 | 4 |
_aPerú _xHistoria _y1867-1883 _918096 |
|
| 650 | 4 |
_aIndigenas de sur américa _zPerú _zHuaylas (Provincia Perú{Rpara} _918097 |
|
| 600 | 1 | 4 |
_aATUSPARIA, PEDRO PABLO, _d1840-1885. _918098 |
| 710 | 2 |
_aBanco internacional de Perú _918099 |
|
| 910 | _aCatalogación por copia / LC | ||
| 049 | _aBNGR | ||
| 999 |
_c6311 _d6311 |
||